<?xml version="1.0" encoding="UTF-8"?>
<record
    xmlns:xsi="http://www.w3.org/2001/XMLSchema-instance"
    xsi:schemaLocation="http://www.loc.gov/MARC21/slim http://www.loc.gov/standards/marcxml/schema/MARC21slim.xsd"
    xmlns="http://www.loc.gov/MARC21/slim">

  <leader>04769nam a2200409Ia 4500</leader>
  <controlfield tag="001">dia_5151</controlfield>
  <controlfield tag="003">CHAP</controlfield>
  <controlfield tag="005">20240902104143.0</controlfield>
  <controlfield tag="007">ta</controlfield>
  <controlfield tag="008">220601s2013    mx bdo frm    001 0 spa d</controlfield>
  <datafield tag="040" ind1=" " ind2=" ">
    <subfield code="a">mxchpua</subfield>
    <subfield code="c">CHAP</subfield>
    <subfield code="e">rda</subfield>
  </datafield>
  <datafield tag="041" ind1="0" ind2=" ">
    <subfield code="a">spa</subfield>
    <subfield code="b">eng</subfield>
  </datafield>
  <datafield tag="090" ind1=" " ind2=" ">
    <subfield code="a">Tesis </subfield>
    <subfield code="b">A74 </subfield>
    <subfield code="c">2013</subfield>
  </datafield>
  <datafield tag="100" ind1=" " ind2=" ">
    <subfield code="a">Arellano Quintero, Eugenia</subfield>
  </datafield>
  <datafield tag="245" ind1="1" ind2="0">
    <subfield code="a">Plan de negocios de una bebida funcional elaborada con cultivares de jamaica (Hibiscus sabdariffa L.) producidos en M&#xE9;xico / </subfield>
    <subfield code="c">Eugenia Arellano Quintero</subfield>
  </datafield>
  <datafield tag="264" ind1=" " ind2=" ">
    <subfield code="a">Chapingo, M&#xE9;xico :</subfield>
    <subfield code="b">El autor,</subfield>
    <subfield code="c">2013</subfield>
  </datafield>
  <datafield tag="300" ind1=" " ind2=" ">
    <subfield code="a">xii, 118 hojas :</subfield>
    <subfield code="b">mapas, gr&#xE1;ficas, diagramas, tablas, fotos +</subfield>
    <subfield code="e">1 CD-ROM</subfield>
  </datafield>
  <datafield tag="336" ind1=" " ind2=" ">
    <subfield code="2">rdacontent</subfield>
    <subfield code="a">texto</subfield>
    <subfield code="b">txt</subfield>
  </datafield>
  <datafield tag="337" ind1=" " ind2=" ">
    <subfield code="2">rdamedia</subfield>
    <subfield code="a">no mediado</subfield>
    <subfield code="b">n</subfield>
  </datafield>
  <datafield tag="338" ind1=" " ind2=" ">
    <subfield code="2">rdacarrier</subfield>
    <subfield code="a">volumen</subfield>
    <subfield code="b">nc</subfield>
  </datafield>
  <datafield tag="500" ind1=" " ind2=" ">
    <subfield code="a">El CD contiene reporte y articulo</subfield>
  </datafield>
  <datafield tag="502" ind1=" " ind2=" ">
    <subfield code="a">Tesis </subfield>
    <subfield code="b">(Ingeniero Agroindustrial) -- </subfield>
    <subfield code="c">UACh, Departamento de Ingenier&#xED;a Agroindustrial, </subfield>
    <subfield code="d">2013</subfield>
  </datafield>
  <datafield tag="504" ind1=" " ind2=" ">
    <subfield code="a">Bibliograf&#xED;a: hojas 101-105</subfield>
  </datafield>
  <datafield tag="520" ind1="3" ind2=" ">
    <subfield code="a">El presente proyecto tiene como objetivo conocer, por un lado, la factibilidad y viabilidad para la instalaci&#xF3;n de una planta productora y comercializadora de una bebida con propiedades antioxidantes, obtenida a partir de extractos acuosos de c&#xE1;lices de jamaica (Hibiscus sabdariffa L.) , y tambi&#xE9;n, tener una primer aproximaci&#xF3;n sobre las actitudes que tienen los consumidores hacia las bebidas saborizadas; por otro lado, se persigue analizar el grado de aceptaci&#xF3;n que tendr&#xED;a la bebida funcional de jamaica con propiedades antioxidantes con el fin de analizar el potencial de mercado de dicho producto. A partir de los resultados obtenidos de una encuesta espec&#xED;fica que se administr&#xF3; en la ciudad de Texcoco, se obtiene que existe un mercado potencial para este tipo de bebida, caracterizado por j&#xF3;venes adultos, preocupados por aspectos relacionados con la salud, con una formaci&#xF3;n acad&#xE9;mica m&#xED;nima de Bachillerato. El 82% de las personas del mercado meta consumen bebidas saborizadas de jamaica. Las caracter&#xED;sticas m&#xE1;s valoradas por los consumidores al momento de la compra son: el sabor (92%), que sean naturales y saludables (86%), el valor nutritivo (82%) y la relaci&#xF3;n calidad-precio (72%). El precio promedio que los consumidores estar&#xED;an dispuestos a pagar por una bebida de jamaica enriquecida con antioxidantes en presentaci&#xF3;n de 240ml es de $11.00.  La demanda potencial de la bebida es de 3, 913,000 unidades por a&#xF1;o, en presentaciones de 240 ml. El proyecto tuvo un VAN (15%) de $4, 982,315.02, una TIR de 43.2% y una relaci&#xF3;n beneficio-costo de 1.70, indicadores que permiten dictaminar que el proyecto es t&#xE9;cnicamente viable, econ&#xF3;micamente rentable, as&#xED; como social y ambientalmente factible. </subfield>
  </datafield>
  <datafield tag="520" ind1="3" ind2=" ">
    <subfield code="a">This project aims to determine, first, the feasibility and viability for the installation of a producer and marketer of a drink with antioxidant properties obtained from aqueous extracts of hibiscus calyces (Hibiscus sabdariffa L.), and also, having a first approximation on attitudes consumers have towards flavored drinks, on the other hand, it seeks to analyze the degree of acceptance that would hibiscus functional beverage with antioxidant properties in order to analyze the market potential of the product. From the results of a specific survey was administered in the city of Texcoco, we find that there is a potential market for this type of beverage, characterized by young adults, concerned about health-related issues, with a minimum academic bachelor&#xB4;s degree. The 82% of people consume beverages target market jamaica flavored drinks. The features most valued by consumers at the time of purchase are: taste (92%), that are natural and healthy (86%), nutritional value (82%) and value for money (72%). The average price that consumers are willing to pay for a drink enriched with antioxidants jamaica presentation 240ml is $ 11.00.  The potential demand for the drink is 3, 913,000 units per year in 240 ml presentations. The project had an NPV (15%) of $ 4, 982,315.02, an IRR of 43.2% and a benefit-cost ratio of 1.70, indicators that dictate that the project is technically feasible, economically viable, and socially and environmentally feasible.</subfield>
  </datafield>
  <datafield tag="650" ind1="1" ind2="3">
    <subfield code="a">Hibiscus sabdariffa  </subfield>
    <subfield code="2">atg</subfield>
  </datafield>
  <datafield tag="650" ind1="1" ind2="3">
    <subfield code="a">Industria de bebidas</subfield>
    <subfield code="z">M&#xE9;xico  </subfield>
    <subfield code="2">atg</subfield>
  </datafield>
  <datafield tag="650" ind1="1" ind2="3">
    <subfield code="a">Beverage industry</subfield>
    <subfield code="z">Mexico</subfield>
    <subfield code="2">atg</subfield>
  </datafield>
  <datafield tag="700" ind1="1" ind2=" ">
    <subfield code="a">Garc&#xED;a Ch&#xE1;vez, Luis Ramiro</subfield>
    <subfield code="e">director</subfield>
  </datafield>
  <datafield tag="700" ind1="1" ind2=" ">
    <subfield code="a">Salinas Moreno, Yolanda</subfield>
    <subfield code="e">asesora</subfield>
  </datafield>
  <datafield tag="700" ind1="1" ind2=" ">
    <subfield code="a">Castillo Linares, Erika Belem</subfield>
    <subfield code="e">asesora</subfield>
  </datafield>
  <datafield tag="856" ind1="4" ind2="1">
    <subfield code="u">http://10.13.5.2/tesis/sist109318.pdf</subfield>
    <subfield code="y">Descargar PDF</subfield>
  </datafield>
  <datafield tag="901" ind1=" " ind2=" ">
    <subfield code="a">TESIS A74 2013</subfield>
  </datafield>
  <datafield tag="902" ind1=" " ind2=" ">
    <subfield code="a">M</subfield>
  </datafield>
  <datafield tag="905" ind1=" " ind2=" ">
    <subfield code="a">5232272013                          mx amnl8223123322spa16</subfield>
  </datafield>
  <datafield tag="942" ind1=" " ind2=" ">
    <subfield code="c">TESIS</subfield>
    <subfield code="2">Clasificaci&#xF3;n Universidad Aut&#xF3;noma Chapingo</subfield>
  </datafield>
  <datafield tag="999" ind1=" " ind2=" ">
    <subfield code="c">209581</subfield>
    <subfield code="d">209581</subfield>
  </datafield>
  <datafield tag="952" ind1=" " ind2=" ">
    <subfield code="0">0</subfield>
    <subfield code="1">0</subfield>
    <subfield code="2">local</subfield>
    <subfield code="4">0</subfield>
    <subfield code="5">1</subfield>
    <subfield code="7">0</subfield>
    <subfield code="8">TESIS</subfield>
    <subfield code="a">IA_</subfield>
    <subfield code="b">IA_</subfield>
    <subfield code="d">2022-06-01</subfield>
    <subfield code="e">El autor</subfield>
    <subfield code="l">0</subfield>
    <subfield code="o">Tesis A74 2013</subfield>
    <subfield code="p">1101007184</subfield>
    <subfield code="r">2026-02-02 00:00:00</subfield>
    <subfield code="t">Ej. 1</subfield>
    <subfield code="w">2022-06-01</subfield>
    <subfield code="y">TESIS</subfield>
  </datafield>
  <datafield tag="952" ind1=" " ind2=" ">
    <subfield code="0">0</subfield>
    <subfield code="1">0</subfield>
    <subfield code="2">local</subfield>
    <subfield code="4">0</subfield>
    <subfield code="5">1</subfield>
    <subfield code="7">0</subfield>
    <subfield code="8">TESIS</subfield>
    <subfield code="a">IA_</subfield>
    <subfield code="b">IA_</subfield>
    <subfield code="d">2022-06-01</subfield>
    <subfield code="e">El autor</subfield>
    <subfield code="l">0</subfield>
    <subfield code="o">Tesis A74 2013</subfield>
    <subfield code="p">1101007185</subfield>
    <subfield code="r">2022-06-01 00:00:00</subfield>
    <subfield code="t">Ej. 2</subfield>
    <subfield code="w">2022-06-01</subfield>
    <subfield code="y">CD</subfield>
  </datafield>
  <datafield tag="952" ind1=" " ind2=" ">
    <subfield code="0">0</subfield>
    <subfield code="1">0</subfield>
    <subfield code="2">local</subfield>
    <subfield code="4">0</subfield>
    <subfield code="5">5</subfield>
    <subfield code="7">0</subfield>
    <subfield code="8">TESIS</subfield>
    <subfield code="a">IA_</subfield>
    <subfield code="b">IA_</subfield>
    <subfield code="d">2022-06-01</subfield>
    <subfield code="e">El autor</subfield>
    <subfield code="l">1</subfield>
    <subfield code="o">Tesis A74 2013</subfield>
    <subfield code="p">1101007186</subfield>
    <subfield code="r">2024-09-11 18:59:21</subfield>
    <subfield code="s">2024-09-11</subfield>
    <subfield code="t">Ej. 3</subfield>
    <subfield code="w">2022-06-01</subfield>
    <subfield code="y">CD</subfield>
  </datafield>
  <datafield tag="952" ind1=" " ind2=" ">
    <subfield code="0">0</subfield>
    <subfield code="1">0</subfield>
    <subfield code="2">local</subfield>
    <subfield code="4">0</subfield>
    <subfield code="7">0</subfield>
    <subfield code="8">TesDigL</subfield>
    <subfield code="a">IA_</subfield>
    <subfield code="b">IA_</subfield>
    <subfield code="c">E_L</subfield>
    <subfield code="d">2024-09-02</subfield>
    <subfield code="e">El autor</subfield>
    <subfield code="l">0</subfield>
    <subfield code="p">1201007184</subfield>
    <subfield code="r">2024-09-02 11:44:16</subfield>
    <subfield code="w">2024-09-02</subfield>
    <subfield code="y">TD</subfield>
  </datafield>
</record>
